Proceedings of the panel discussion on humanitarian issues of internally displaced persons (Record no. 4900)

MARC details
000 -LEADER
fixed length control field 00596nam a22001697a 4500
003 - CONTROL NUMBER IDENTIFIER
control field LK-CoMWRAF
008 - FIXED-LENGTH DATA ELEMENTS--GENERAL INFORMATION
fixed length control field 240527b |||||||| |||| 00| 0 eng d
040 ## - CATALOGING SOURCE
Original cataloging agency LK-CoMWRAF
Modifying agency LK-CoMWRAF
Description conventions LK-CoMWRAF
041 ## - LANGUAGE CODE
Language code of text/sound track or separate title English
082 ## - DEWEY DECIMAL CLASSIFICATION NUMBER
Classification number 303.69
Item number HUM
942 ## - ADDED ENTRY ELEMENTS (KOHA)
Koha item type Conference Proceeding
111 ## - MAIN ENTRY--MEETING NAME
Meeting name or jurisdiction name as entry element HUMANITARIAN ISSUES OF INTERNALLY DISPLACED PERSONS
Location of meeting (Colombo
Date of meeting 8th August 2006)
245 ## - TITLE STATEMENT
Title Proceedings of the panel discussion on humanitarian issues of internally displaced persons
260 ## - PUBLICATION, DISTRIBUTION, ETC. (IMPRINT)
Place of publication, distribution, etc. Colombo:
Name of publisher, distributor, etc. Council for public policy,
Date of publication, distribution, etc. 2006
300 ## - PHYSICAL DESCRIPTION
Extent 47 p.
650 ## - SUBJECT ADDED ENTRY--TOPICAL TERM
Topical term or geographic name as entry element INTERNALLY DISPLACED PEOPLE-Congresses-Sri Lanka
Holdings
Withdrawn status Lost status Damaged status Not for loan Permanent Location Current Location Date acquired Full call number Barcode Koha item type
        Resource center, Muslim Women's Research And Action Forum Resource center, Muslim Women's Research And Action Forum 2024-05-27 303.69 HUM RAF5264 Conference Proceeding

Copyright © 2023 Muslim Women's Research and Action Forum (MWRAF), No 27/3, Anderson Road, Kalubowila, Dehiwela. Funded by The Asia Fundation